000 00621nam a2200169 i 4500
001 55978
003 ES-MaACL
005 20230906163247.0
007 t|
008 031001s1963 sp ||||1| spa d
100 1 _aDíaz de Lariva, Angel.
_944238
245 1 0 _aMontes municipales públicos en general y de particulares
_b: legislación, jurisprudencia, comentarios y concordancias /
_cAngel Díaz de Lariva, Gumersindo Guerra Lehero y Arroyo.
260 _aMadrid :
_bMunicipalia,
_c1963.
300 _a918 p. ;
_c21 cm.
700 1 _aGuerra Lehero y Arroyo, Gumersindo.
_960519
852 _aES-MaACL
_jC-23500
_bR.51905
999 _c55978
_d55978